[Event "World Rapid 2023"]
[Site "Samarkand UZB"]
[Date "2023.12.27"]
[EventDate "2023.12.26"]
[Round "9.99"]
[Result "0-1"]
[White "David Bogdan"]
[Black "Jaloliddin Ilkhomi"]
[WhiteElo "1671"]
[BlackElo "2222"]
[PlyCount "150"]

1. e4 e6 2. d4 d5 3. e5 c5 4. c3 Qb6 5. Nf3 Bd7 6. a3 Bb5 7. b4 cxd4 8. cxd4
Bxf1 9. Kxf1 Nc6 10. Nc3 Nge7 11. Qd3 a6 12. g3 Nf5 13. Be3 Nxe3+ 14. fxe3 Be7
15. Kg2 f6 16. exf6 Bxf6 17. e4 Nxd4 18. e5 Nxf3 19. exf6 Ne5 20. fxg7 Rg8 21.
Nxd5 Qc6 22. Qe4 Qxd5 23. Qxd5 exd5 24. Rhe1 O-O-O 25. Rxe5 Rxg7 26. Rd1 Rgd7
27. Rd4 Kc7 28. Kf2 Kc6 29. a4 Rd6 30. Re7 h6 31. Re5 Rf8+ 32. Kg2 a5 33. Re2
axb4 34. Rc2+ Kd7 35. Rxb4 b6 36. Rcb2 Kc7 37. Rc2+ Rc6 38. Rd2 Rd8 39. Rdd4
Rc2+ 40. Kh3 Kc6 41. Rh4 Rd6 42. Rhd4 Kc5 43. Rf4 d4 44. Rb5+ Kc4 45. Kg4 Rxh2
46. Kf3 Ra2 47. Rb1 Rxa4 48. Rc1+ Kb3 49. Rf8 b5 50. Rb1+ Kc2 51. Rxb5 Ra3+ 52.
Kf2 d3 53. Rc8+ Rc3 54. Rxc3+ Kxc3 55. Ke1 Rc6 56. Kd1 Rg6 57. Rc5+ Kd4 58. Rc8
Rxg3 59. Rd8+ Ke3 60. Re8+ Kf2 61. Kd2 h5 62. Rh8 Rh3 63. Rf8+ Kg2 64. Rg8+ Rg3
65. Rh8 Rh3 66. Rg8+ Kh2 67. Ke1 h4 68. Rh8 Kg2 69. Ra8 Re3+ 70. Kd2 Rg3 71. Ke1
h3 72. Ra2+ Kg1 73. Ra1 h2 74. Kd2+ Kg2 75. Ke1 0-1

[Event "World Rapid 2023"]
[Site "Samarkand UZB"]
[Date "2023.12.27"]
[EventDate "2023.12.26"]
[Round "9.100"]
[Result "0-1"]
[White "Nikolay Tregubenko"]
[Black "Khalil Nafri"]
[WhiteElo "2017"]
[BlackElo "2248"]
[PlyCount "70"]

1. e4 c5 2. Nf3 Nc6 3. d4 cxd4 4. Nxd4 g6 5. Nc3 Bg7 6. Be3 Nf6 7. Bc4 O-O 8.
Bb3 d6 9. f3 Nxd4 10. Bxd4 Bd7 11. Nd5 Nxd5 12. Bxd5 Bc6 13. Bxg7 Kxg7 14. Qd4+
e5 15. Qd2 Bxd5 16. Qxd5 Qb6 17. O-O-O Rfd8 18. h4 h5 19. g4 Rac8 20. Qd2 hxg4
21. h5 d5 22. exd5 g3 23. Rhe1 gxh5 24. Rxe5 Qg6 25. Kb1 f6 26. Re4 Re8 27. d6
Rxe4 28. d7 Rd8 29. fxe4 h4 30. Qa5 Qg4 31. Qd2 g2 32. Rg1 h3 33. e5 h2 34.
exf6+ Kxf6 35. Qd6+ Kf7 0-1

[Event "World Rapid 2023"]
[Site "Samarkand UZB"]
[Date "2023.12.27"]
[EventDate "2023.12.26"]
[Round "7.4"]
[Result "0-1"]
[White "Anton Guijarro, David"]
[Black "Teimour Radjabov"]
[WhiteElo "2670"]
[BlackElo "2723"]
[PlyCount "90"]

1. e4 e5 2. Nf3 Nc6 3. Bc4 Bc5 4. O-O Nf6 5. d3 O-O 6. a4 a6 7. Be3 d6 8. Nbd2
h6 9. h3 Re8 10. Qe2 Be6 11. Bxe6 Rxe6 12. Bxc5 dxc5 13. Nc4 b6 14. Ne3 Qd7 15.
Nd2 Nd4 16. Qd1 Rd8 17. f4 exf4 18. Rxf4 Qd6 19. Rf2 Qg3 20. Ndf1 Qg5 21. Qc1 g6
22. b3 Kg7 23. Nh2 Nxe4 24. dxe4 Rxe4 25. Neg4 Qxc1+ 26. Rxc1 f5 27. Kf1 fxg4
28. Nxg4 h5 29. Nh2 Nf5 30. g4 Ne3+ 31. Kg1 hxg4 32. Re2 gxh3 33. Rce1 Rde8 34.
Nf3 R4e7 35. Ng5 Nf5 36. Rxe7+ Rxe7 37. Rxe7+ Nxe7 38. Nxh3 Kf6 39. Kf2 Kf5 40.
Kf3 g5 41. Nf2 Nc6 42. c3 Na5 43. b4 cxb4 44. cxb4 Nc6 45. Nd3 Ne5+ 0-1

[Event "World Rapid 2023"]
[Site "Samarkand UZB"]
[Date "2023.12.27"]
[EventDate "2023.12.26"]
[Round "7.5"]
[Result "1/2-1/2"]
[White "Vachier-Lagrave, Maxime"]
[Black "Kirill Shevchenko"]
[WhiteElo "2731"]
[BlackElo "2651"]
[PlyCount "120"]

1. e4 c5 2. Nf3 Nc6 3. d4 cxd4 4. Nxd4 Nf6 5. Nc3 d6 6. h3 e5 7. Nf3 Be7 8. Bc4
Be6 9. Bb3 h6 10. O-O O-O 11. Qe2 Na5 12. Rd1 Nxb3 13. axb3 Qc7 14. Nh2 Qc8 15.
Nf1 Qc6 16. Ne3 Rfc8 17. Ncd5 Bxd5 18. exd5 Qd7 19. c3 g6 20. Nc4 h5 21. Bg5 Bd8
22. Qe3 b6 23. Bxf6 Bxf6 24. Ra6 Rab8 25. Qc1 Rb7 26. Qa1 e4 27. Re1 Re8 28. Qb1
Bh4 29. Qc1 Qf5 30. Qd2 Rd7 31. Ne3 Qe5 32. g3 Bg5 33. h4 Bh6 34. Qd1 Ree7 35.
Nc2 Qf5 36. Ne3 Qe5 37. Nc2 Qf5 38. Ne3 Qf6 39. Kg2 Re5 40. Qe2 Rde7 41. Ra4 Qg7
42. Rd4 Bxe3 43. Qxe3 f5 44. Qf4 Rc7 45. Red1 Qe7 46. Qe3 Qf7 47. Rc4 Rc5 48.
Rxc5 bxc5 49. c4 Re7 50. Ra1 Rb7 51. Ra6 Rb6 52. Rxb6 axb6 53. Qg5 Kg7 54. Qd8
Qf6 55. Qxb6 e3 56. fxe3 Qxb2+ 57. Kf1 Qc1+ 58. Ke2 Qc2+ 59. Ke1 Qc1+ 60. Ke2 1/2-1/2

[Event "World Rapid 2023"]
[Site "Samarkand UZB"]
[Date "2023.12.27"]
[EventDate "2023.12.26"]
[Round "7.7"]
[Result "1/2-1/2"]
[White "Robert Hovhannisyan"]
[Black "Santosh Gujrathi Vidit"]
[WhiteElo "2611"]
[BlackElo "2737"]
[PlyCount "88"]

1. e4 e5 2. Nf3 Nc6 3. Nc3 Nf6 4. Bb5 Nd4 5. Nxd4 exd4 6. e5 dxc3 7. exf6 Qxf6
8. dxc3 Qe5+ 9. Be2 Bc5 10. O-O O-O 11. Bd3 d6 12. Qf3 Re8 13. Bd2 Be6 14. a4 a5
15. Rae1 Qd5 16. Qg3 Qh5 17. Bb5 c6 18. Bd3 Qg4 19. Qxg4 Bxg4 20. Rxe8+ Rxe8 21.
b4 Bb6 22. Rb1 Bc8 23. Bf4 d5 24. h4 Bd8 25. Bg5 Bc7 26. Be3 Be5 27. Bd4 Bxd4
28. cxd4 axb4 29. Kf1 Kf8 30. Rxb4 Ke7 31. Ke2 Kd6+ 32. Kd2 h6 33. Rb1 Kc7 34.
a5 Bd7 35. Ra1 Ra8 36. Kc3 Kd6 37. Ra3 c5 38. dxc5+ Kxc5 39. a6 d4+ 40. Kd2 bxa6
41. Rxa6 Rxa6 42. Bxa6 g5 43. hxg5 hxg5 44. c3 1/2-1/2

[Event "World Rapid 2023"]
[Site "Samarkand UZB"]
[Date "2023.12.27"]
[EventDate "2023.12.26"]
[Round "7.8"]
[Result "1/2-1/2"]
[White "Sarin Nihal"]
[Black "Pavel Ponkratov"]
[WhiteElo "2688"]
[BlackElo "2608"]
[PlyCount "120"]

1. e4 e6 2. d4 d5 3. Nd2 c5 4. Ngf3 Nc6 5. exd5 exd5 6. Bb5 Bd6 7. O-O Ne7 8.
dxc5 Bxc5 9. Nb3 Bd6 10. Bg5 O-O 11. c3 Qc7 12. Bh4 Nf5 13. Bg3 Nxg3 14. hxg3
Qb6 15. Qxd5 Bxg3 16. Qc5 Bc7 17. Bxc6 bxc6 18. Rfe1 Be6 19. Nfd4 Bxb3 20. Qxb6
Bxb6 21. Nxb3 Rfe8 22. a4 Kf8 23. Kf1 h5 24. a5 Rxe1+ 25. Kxe1 Bd8 26. Nd4 Rc8
27. Ke2 c5 28. Nb5 c4 29. Ra4 Rc5 30. Nd6 Rxa5 31. Rb4 Re5+ 32. Kf1 Bb6 33. Nxc4
Re4 34. Ra4 Re6 35. Nd2 Rf6 36. f3 Rd6 37. Ke2 Rg6 38. Kf1 Rd6 39. Nc4 Re6 40.
Rb4 Bc7 41. Nd2 f5 42. f4 Rb6 43. Rxb6 axb6 44. g3 h4 45. gxh4 Bxf4 46. Nf3 Ke7
47. Ke2 g6 48. Kd3 Kd6 49. c4 Bh6 50. b4 Bf8 51. Kc3 Be7 52. Kb3 Ke6 53. Kc3 f4
54. Kd4 Kf5 55. c5 bxc5+ 56. bxc5 Bxc5+ 57. Kxc5 Kg4 58. Ne5+ Kxh4 59. Nxg6+ Kg5
60. Nxf4 Kxf4 1/2-1/2

[Event "World Rapid 2023"]
[Site "Samarkand UZB"]
[Date "2023.12.27"]
[EventDate "2023.12.26"]
[Round "7.10"]
[Result "1-0"]
[White "Volodar Murzin"]
[Black "Ian Nepomniachtchi"]
[WhiteElo "2627"]
[BlackElo "2771"]
[PlyCount "112"]

1. d4 Nf6 2. Nf3 d5 3. Bf4 c5 4. e3 Nc6 5. Nbd2 Nh5 6. Be5 e6 7. c3 cxd4 8. exd4
Bd6 9. Bb5 O-O 10. O-O Nxe5 11. dxe5 Bc7 12. Nd4 Nf4 13. g3 a6 14. Be2 Nxe2+ 15.
Qxe2 Bd7 16. Rfe1 b5 17. f4 Bb6 18. Nf3 a5 19. Kg2 b4 20. Rac1 Qe7 21. Rc2 Rfc8
22. Rec1 h6 23. cxb4 Rxc2 24. Rxc2 Qxb4 25. Qd2 Qxd2+ 26. Rxd2 Rc8 27. Rc2 Rxc2+
28. Nxc2 Bb5 29. Ncd4 Bd3 30. Kf2 Be4 31. Ke2 g5 32. Nc6 gxf4 33. gxf4 Kf8 34.
Nfd4 Ke8 35. Kd2 Kd7 36. Kc3 Bg2 37. a4 Kc7 38. b4 axb4+ 39. Kxb4 Kb7 40. a5 Bc7
41. Kc5 Ka6 42. Nb5 Bxa5 43. Nxa5 Kxa5 44. Nd6 Bh3 45. Nxf7 h5 46. Nd6 Ka4 47.
f5 exf5 48. Kxd5 f4 49. Ke4 Kb4 50. Kxf4 Kc5 51. Ne4+ Kd4 52. Ng3 Bg4 53. Nf5+
Kc5 54. e6 Kc6 55. Ke5 Bd1 56. Ng7 1-0

[Event "World Rapid 2023"]
[Site "Samarkand UZB"]
[Date "2023.12.27"]
[EventDate "2023.12.26"]
[Round "7.12"]
[Result "1-0"]
[White "Levon Aronian"]
[Black "Aleksandr Shimanov"]
[WhiteElo "2723"]
[BlackElo "2578"]
[PlyCount "64"]

1. d4 d5 2. c4 e6 3. Nf3 Nd7 4. g3 dxc4 5. Bg2 Rb8 6. O-O b5 7. Nc3 Bd6 8. e4
Ne7 9. a3 c5 10. e5 Bc7 11. d5 Nxe5 12. Nxe5 Bxe5 13. Re1 Bd4 14. a4 b4 15. Nb5
Rxb5 16. axb5 Nxd5 17. Be3 Bxe3 18. Bxd5 exd5 19. Rxe3+ Be6 20. Rxe6+ fxe6 21.
Qh5+ g6 22. Qe5 O-O 23. Rxa7 Rf7 24. Qxe6 Qf6 25. Qc8+ Kg7 26. Rxf7+ Kxf7 27.
Qxc5 Qxb2 28. Qxd5+ Kg7 29. b6 c3 30. Qe5+ Kf7 31. b7 Qb1+ 32. Kg2 1-0

[Event "World Rapid 2023"]
[Site "Samarkand UZB"]
[Date "2023.12.27"]
[EventDate "2023.12.26"]
[Round "7.13"]
[Result "1-0"]
[White "Maksim Chigaev"]
[Black "Fabiano Caruana"]
[WhiteElo "2621"]
[BlackElo "2794"]
[PlyCount "88"]

1. e4 e5 2. Nf3 Nc6 3. Bc4 Nf6 4. d3 Be7 5. O-O O-O 6. Nc3 d6 7. a4 Bg4 8. h3
Bh5 9. Be3 Kh8 10. Nd5 Nxd5 11. Bxd5 Qe8 12. a5 a6 13. g4 Bg6 14. c3 Nd8 15. b4
f6 16. Kg2 c6 17. Bb3 Bf7 18. h4 Bxb3 19. Qxb3 h5 20. g5 Qd7 21. Qd1 Qg4+ 22.
Kh2 fxg5 23. Nxg5 Qxh4+ 24. Kg2 g6 25. Ra2 Rf4 26. Bxf4 Qxf4 27. Nh3 Qf7 28. Rd2
g5 29. f3 Ne6 30. Kh1 Rf8 31. Rdf2 Qg6 32. d4 exd4 33. cxd4 d5 34. exd5 cxd5 35.
Qb1 Qf6 36. f4 Qxd4 37. Qg6 Rf6 38. Qe8+ Bf8 39. Qxh5+ Kg8 40. fxg5 Qe4+ 41. Rf3
Rxf3 42. Rxf3 Qe1+ 43. Ng1 Qe4 44. g6 1-0

[Event "World Rapid 2023"]
[Site "Samarkand UZB"]
[Date "2023.12.27"]
[EventDate "2023.12.26"]
[Round "7.14"]
[Result "0-1"]
[White "Evgeniy Najer"]
[Black "Richard Rapport"]
[WhiteElo "2663"]
[BlackElo "2731"]
[PlyCount "54"]

1. e4 c6 2. d4 d5 3. e5 Bf5 4. Nf3 e6 5. Be2 Nd7 6. c3 a5 7. a4 f6 8. O-O fxe5
9. Nxe5 Bd6 10. Nxd7 Qxd7 11. Nd2 Ne7 12. Bh5+ Bg6 13. Re1 O-O 14. Bxg6 Nxg6 15.
Nf3 Rf5 16. Qe2 Re8 17. Bd2 e5 18. dxe5 Nxe5 19. Nxe5 Rfxe5 20. Qd3 Qg4 21. Rxe5
Rxe5 22. Kf1 Bc5 23. b3 Re4 24. Re1 Qf5 25. Be3 Qe5 26. h3 Qh2 27. f3 Qh1+ 0-1

[Event "World Rapid 2023"]
[Site "Samarkand UZB"]
[Date "2023.12.27"]
[EventDate "2023.12.26"]
[Round "7.15"]
[Result "1-0"]
[White "David Paravyan"]
[Black "Vladislav Artemiev"]
[WhiteElo "2612"]
[BlackElo "2711"]
[PlyCount "62"]

1. e4 e5 2. Nf3 Nc6 3. Bc4 d6 4. Nc3 Be7 5. d4 Nf6 6. d5 Nb8 7. O-O O-O 8. a4 a5
9. h3 Na6 10. Be3 Kh8 11. Qe2 Nb4 12. Rad1 Ne8 13. Nb5 f5 14. exf5 Bxf5 15. c3
Na6 16. Rfe1 Bg6 17. Bd3 Bh5 18. g4 Bf7 19. Bc2 Nf6 20. Ng5 c6 21. Nxf7+ Rxf7
22. dxc6 bxc6 23. Qc4 Nd5 24. Qxc6 Nxe3 25. Rxe3 Bg5 26. Nxd6 Rf6 27. Nf7+ Rxf7
28. Rxd8+ Rxd8 29. Rxe5 Bh4 30. Re8+ Rf8 31. Rxd8 1-0

[Event "World Rapid 2023"]
[Site "Samarkand UZB"]
[Date "2023.12.27"]
[EventDate "2023.12.26"]
[Round "7.16"]
[Result "0-1"]
[White "Boris Savchenko"]
[Black "Alexander Grischuk"]
[WhiteElo "2505"]
[BlackElo "2732"]
[PlyCount "116"]

1. e4 e5 2. Nf3 Nc6 3. Bc4 Bc5 4. d3 Nf6 5. Nbd2 O-O 6. O-O d6 7. c3 a6 8. a4
Ba7 9. a5 h6 10. Re1 Ne7 11. Nf1 Ng6 12. Be3 Bxe3 13. Nxe3 c6 14. Ba2 Re8 15.
Qc2 d5 16. b4 Be6 17. c4 d4 18. Nf1 c5 19. bxc5 Nd7 20. c6 bxc6 21. c5 Bxa2 22.
Rxa2 Rb8 23. N3d2 Rb5 24. Nb3 Nf4 25. Nfd2 Qe7 26. Nc4 Nxc5 27. Nxc5 Qxc5 28. g3
Ne6 29. Qd1 Reb8 30. Kg2 Qe7 31. h4 Nc5 32. Qe2 Rb3 33. Rd1 R8b4 34. Rc2 Na4 35.
Qh5 Nc3 36. Re1 Rxc4 37. dxc4 Qe6 38. Qf5 Qxf5 39. exf5 f6 40. Kf3 h5 41. g4
Na4+ 42. Kg2 hxg4 43. Re4 Nc5 44. Rxg4 Nd3 45. Kh2 Nf4 46. Rg3 d3 47. Rd2 c5 48.
Rd1 Kh7 49. Rdg1 Rb7 50. Re3 Rd7 51. h5 Rd4 52. Reg3 Rd7 53. Re3 Kh6 54. Re4 Ne2
55. Rg6+ Kh7 56. h6 d2 57. Rh4 Kg8 58. hxg7 Rxg7 0-1

[Event "World Rapid 2023"]
[Site "Samarkand UZB"]
[Date "2023.12.27"]
[EventDate "2023.12.26"]
[Round "7.18"]
[Result "1-0"]
[White "Van Foreest, Jorden"]
[Black "Manuel Petrosyan"]
[WhiteElo "2679"]
[BlackElo "2619"]
[PlyCount "116"]

1. e4 e5 2. Nf3 Nc6 3. Bb5 a6 4. Ba4 Nf6 5. O-O Be7 6. d3 b5 7. Bb3 O-O 8. a4
Rb8 9. axb5 axb5 10. Nc3 d6 11. h3 h6 12. Be3 Be6 13. Bxe6 fxe6 14. Ne2 Ra8 15.
Ng3 Rxa1 16. Qxa1 Qa8 17. Qd1 Qa2 18. b3 Ra8 19. d4 exd4 20. Nxd4 Nxd4 21. Bxd4
Qa6 22. Qd3 Qc6 23. f4 Rf8 24. Kh2 d5 25. e5 Ne4 26. Nxe4 dxe4 27. Qe2 Rd8 28.
Be3 Qd5 29. Qg4 Rf8 30. Rd1 Qc6 31. Qg6 Kh8 32. c4 bxc4 33. bxc4 Bb4 34. c5 Bc3
35. Rc1 Bb2 36. Rc4 Qd5 37. Qxe4 Qxe4 38. Rxe4 Rb8 39. Ra4 Rb3 40. Bf2 Bc1 41.
g3 Ra3 42. Rxa3 Bxa3 43. c6 Be7 44. Bb6 Bd8 45. Bc5 Kg8 46. Kg2 Kf7 47. Kf3 g5
48. Ke4 gxf4 49. gxf4 Kg6 50. Bd6 Kf7 51. f5 exf5+ 52. Kxf5 h5 53. e6+ Ke8 54.
Bf4 h4 55. Bg5 Be7 56. Kg4 Bc5 57. Bxh4 Kf8 58. Bf6 1-0

[Event "World Rapid 2023"]
[Site "Samarkand UZB"]
[Date "2023.12.27"]
[EventDate "2023.12.26"]
[Round "7.19"]
[Result "1/2-1/2"]
[White "Laurent Fressinet"]
[Black "Aleksandar Indjic"]
[WhiteElo "2637"]
[BlackElo "2589"]
[PlyCount "82"]

1. d4 Nf6 2. Nf3 e6 3. c4 c5 4. e3 d5 5. Nc3 a6 6. cxd5 exd5 7. Be2 Nc6 8. O-O
Bd6 9. dxc5 Bxc5 10. a3 O-O 11. b4 Bd6 12. Bb2 Be6 13. b5 Na5 14. Nd4 Qc7 15. h3
Nc4 16. Bxc4 dxc4 17. Nxe6 fxe6 18. Qc2 Be5 19. bxa6 bxa6 20. Rac1 Rfc8 21. f4
Bxc3 22. Bxc3 Nd5 23. Bd4 Qc6 24. e4 Nxf4 25. Rxf4 e5 26. Bxe5 Qc5+ 27. Kh1 Qxe5
28. Rf5 Qe6 29. Rd5 Rc7 30. Qd2 Re8 31. Rd8 h6 32. Rxe8+ Qxe8 33. Qd5+ Qf7 34.
Qa8+ Kh7 35. Qxa6 Qf4 36. Re1 c3 37. Qf1 Qxf1+ 38. Rxf1 Kg6 39. a4 Rc4 40. a5
Rxe4 41. Rc1 Ra4 1/2-1/2

[Event "World Rapid 2023"]
[Site "Samarkand UZB"]
[Date "2023.12.27"]
[EventDate "2023.12.26"]
[Round "7.20"]
[Result "1/2-1/2"]
[White "Denis Lazavik"]
[Black "Sabino Brunello"]
[WhiteElo "2566"]
[BlackElo "2500"]
[PlyCount "98"]

1. d4 Nf6 2. c4 e6 3. Nf3 d5 4. g3 Bb4+ 5. Bd2 Be7 6. Bg2 O-O 7. Qc2 Nbd7 8. Bf4
c6 9. Nbd2 a5 10. e4 dxe4 11. Nxe4 c5 12. Nxf6+ Bxf6 13. dxc5 Nxc5 14. Rd1 Qb6
15. O-O Bd7 16. Ne5 Rad8 17. Nxd7 Rxd7 18. Rxd7 Nxd7 19. Rd1 Nc5 20. b3 Rd8 21.
Be3 Rxd1+ 22. Qxd1 Be7 23. h4 Qc7 24. Bf3 b6 25. Kg2 h6 26. Qd4 Bf6 27. Qd2 Be5
28. Qd1 Kf8 29. a3 Na6 30. Qc2 Ke7 31. h5 Qd6 32. b4 axb4 33. Qa4 Nc5 34. Qa7+
Qc7 35. Qxc7+ Bxc7 36. axb4 Nd3 37. Bd2 Bd6 38. c5 bxc5 39. b5 Bc7 40. Be2 Nb4
41. Kf3 Nd5 42. Ke4 Kd6 43. g4 Bd8 44. f3 Bf6 45. Bc4 Bc3 46. Bc1 Bd4 47. Bd2
Bc3 48. Bc1 Bd4 49. Bd2 1/2-1/2

[Event "World Rapid 2023"]
[Site "Samarkand UZB"]
[Date "2023.12.27"]
[EventDate "2023.12.26"]
[Round "7.21"]
[Result "1/2-1/2"]
[White "Haowen Xue"]
[Black "Evgeny Tomashevsky"]
[WhiteElo "2455"]
[BlackElo "2681"]
[PlyCount "72"]

1. d4 Nf6 2. Nf3 d5 3. g3 Bf5 4. Bg2 e6 5. Nh4 Bg4 6. h3 Bh5 7. g4 Nfd7 8. gxh5
Qxh4 9. c4 Nc6 10. cxd5 exd5 11. Bxd5 Bb4+ 12. Nc3 Qxd4 13. Be3 Bxc3+ 14. bxc3
Qxc3+ 15. Kf1 O-O-O 16. Rc1 Qa5 17. Qb3 Nb6 18. Bxc6 bxc6 19. Qxf7 Rd7 20. Qe6
Qxh5 21. Qxc6 Rhd8 22. Kg2 Qd5+ 23. Qxd5 Nxd5 24. Bxa7 Nf4+ 25. Kh2 Nxe2 26. Rc4
Nd4 27. Rb1 Nf3+ 28. Kg2 Rf7 29. Rb8+ Kd7 30. Rb7 Ke6 31. Re4+ Kd5 32. Rg4 Kc6
33. Rb3 Ne5 34. Re4 Rd5 35. Rc3+ Kd7 36. Be3 Rf5 1/2-1/2

[Event "World Rapid 2023"]
[Site "Samarkand UZB"]
[Date "2023.12.27"]
[EventDate "2023.12.26"]
[Round "7.22"]
[Result "0-1"]
[White "Iturrizaga Bonelli, Eduardo"]
[Black "Giga Quparadze"]
[WhiteElo "2600"]
[BlackElo "2491"]
[PlyCount "122"]

1. c4 e6 2. Nc3 Bb4 3. Qc2 Nf6 4. Nf3 O-O 5. a3 Bxc3 6. Qxc3 Re8 7. b4 b6 8. g3
Bb7 9. Bg2 e5 10. O-O d6 11. d3 Nbd7 12. Bb2 c5 13. e4 Nf8 14. bxc5 bxc5 15.
Rfb1 Ne6 16. Qd2 Bc6 17. Bc3 Qd7 18. Bxe5 Nxe4 19. dxe4 dxe5 20. Qxd7 Bxd7 21.
Nxe5 Ba4 22. Rb7 f6 23. Ng4 Bc6 24. Rb2 Nd4 25. Ne3 Bxe4 26. Bxe4 Rxe4 27. Rb7
h5 28. Rab1 h4 29. Kg2 Re6 30. Rc7 Rb6 31. Rd1 Rc6 32. Rxc6 Nxc6 33. Rd5 hxg3
34. hxg3 Rb8 35. Rxc5 Ne5 36. Rc7 Rb2 37. Rxa7 Nd3 38. Rd7 Nxf2 39. Kf3 Nh3 40.
Nf5 Ng5+ 41. Kg4 Nf7 42. Rc7 Rf2 43. Ne3 g6 44. Rc8+ Kg7 45. Rc7 Kf8 46. Rc8+
Ke7 47. Kh3 f5 48. Nd5+ Kd6 49. g4 f4 50. g5 Nxg5+ 51. Kg4 Ne6 52. Re8 g5 53.
Nf6 Rg2+ 54. Kf3 Rg3+ 55. Kf2 Nc5 56. Nh5 Rxa3 57. Rd8+ Ke7 58. Rd5 Ne6 59. Re5
Kf7 60. Kg2 Rc3 61. Ra5 Kg6 0-1

[Event "World Rapid 2023"]
[Site "Samarkand UZB"]
[Date "2023.12.27"]
[EventDate "2023.12.26"]
[Round "7.24"]
[Result "1-0"]
[White "Dmitry Andreikin"]
[Black "Arseniy Nesterov"]
[WhiteElo "2729"]
[BlackElo "2584"]
[PlyCount "66"]

1. Nf3 d5 2. g3 Nf6 3. Bg2 e6 4. O-O Be7 5. d3 O-O 6. Bf4 Bd6 7. Bxd6 cxd6 8. c4
Nc6 9. Qd2 e5 10. cxd5 Nxd5 11. Rc1 h6 12. Nc3 Be6 13. Nxd5 Bxd5 14. e4 Be6 15.
d4 Bg4 16. d5 Bxf3 17. dxc6 Bxg2 18. Kxg2 Qc7 19. Qd5 Rab8 20. b4 bxc6 21. Rxc6
Qe7 22. a3 Rb6 23. Rac1 Rxc6 24. Rxc6 Rd8 25. b5 Rd7 26. a4 Qd8 27. h4 h5 28.
Ra6 g6 29. b6 Qb8 30. Qb5 Rb7 31. bxa7 Rxb5 32. axb5 Qa8 33. b6 1-0

[Event "World Rapid 2023"]
[Site "Samarkand UZB"]
[Date "2023.12.27"]
[EventDate "2023.12.26"]
[Round "7.25"]
[Result "1-0"]
[White "Maxim Matlakov"]
[Black "Jinshi Bai"]
[WhiteElo "2670"]
[BlackElo "2585"]
[PlyCount "74"]

1. d4 Nf6 2. c4 g6 3. Nc3 d5 4. cxd5 Nxd5 5. e4 Nxc3 6. bxc3 Bg7 7. Bc4 O-O 8.
Ne2 Nc6 9. O-O Na5 10. Bd3 c5 11. Be3 b6 12. Rc1 e5 13. dxe5 Bxe5 14. f4 Bg7 15.
Ng3 Be6 16. Qe2 Bxa2 17. f5 Bb3 18. Bf4 Bxc3 19. e5 Qd4+ 20. Kh1 Rad8 21. Bb5
Bd2 22. Bxd2 Qxd2 23. Qg4 a6 24. Ne4 Qh6 25. Nf6+ Kg7 26. Bd7 Nc4 27. Rxc4 Bxc4
28. Qxc4 Qe3 29. Qh4 Qxe5 30. Ng4 Qd6 31. f6+ Kh8 32. Ba4 h5 33. h3 Qd2 34. Rf5
Rd5 35. Ne5 Kg8 36. Rxh5 gxh5 37. Qg3+ 1-0

[Event "World Rapid 2023"]
[Site "Samarkand UZB"]
[Date "2023.12.27"]
[EventDate "2023.12.26"]
[Round "7.26"]
[Result "0-1"]
[White "Sandipan Chanda"]
[Black "Pouya Idani"]
[WhiteElo "2486"]
[BlackElo "2602"]
[PlyCount "96"]

1. d4 d5 2. Nf3 Nf6 3. Bf4 c5 4. e3 Nc6 5. h3 e6 6. Bd3 Qb6 7. Nc3 c4 8. Be2
Qxb2 9. Na4 Qa3 10. Nc5 Bxc5 11. dxc5 Qxc5 12. O-O Ne4 13. Ne5 Nc3 14. Qd2 Nxe2+
15. Qxe2 O-O 16. Nxc6 Qxc6 17. Be5 f6 18. Bc3 e5 19. f4 exf4 20. Rxf4 Be6 21.
Bd4 Bf7 22. h4 Bg6 23. h5 Be4 24. h6 g5 25. Qg4 Rf7 26. Raf1 f5 27. Qxg5+ Qg6
28. Qxg6+ hxg6 29. c3 Kh7 30. Bg7 Re8 31. g4 Bd3 32. R1f3 g5 33. Rd4 Be4 34. Rf1
f4 35. exf4 gxf4 36. Re1 Re6 37. Kf2 Rg6 38. Rg1 Ra6 39. Rd2 Ra3 40. Rc1 b5 41.
g5 Rxg7 42. hxg7 Kxg7 43. Rb2 a6 44. Ke1 Kg6 45. Kf2 a5 46. Rxb5 Rxa2+ 47. Kf1
Bd3+ 48. Kg1 f3 0-1

[Event "World Rapid 2023"]
[Site "Samarkand UZB"]
[Date "2023.12.27"]
[EventDate "2023.12.26"]
[Round "7.27"]
[Result "1/2-1/2"]
[White "Sergey Grigoriants"]
[Black "Anton Korobov"]
[WhiteElo "2544"]
[BlackElo "2672"]
[PlyCount "54"]

1. e4 c5 2. Nf3 d6 3. d4 cxd4 4. Nxd4 Nf6 5. Nc3 a6 6. Bd3 g6 7. f3 Bg7 8. Be3
Nc6 9. Qd2 O-O 10. O-O-O d5 11. Nxc6 bxc6 12. Bh6 d4 13. Na4 e5 14. Bxg7 Kxg7
15. Bc4 Rb8 16. Nc5 Nd7 17. Nd3 c5 18. Bd5 Nb6 19. c4 Nxd5 20. exd5 Qc7 21. Rhe1
Re8 22. g4 Bd7 23. Re2 Re7 24. Rde1 Rbe8 25. h4 h6 26. g5 h5 27. Nf2 Bf5 1/2-1/2

[Event "World Rapid 2023"]
[Site "Samarkand UZB"]
[Date "2023.12.27"]
[EventDate "2023.12.26"]
[Round "7.28"]
[Result "1/2-1/2"]
[White "Peter Svidler"]
[Black "Shamsiddin Vokhidov"]
[WhiteElo "2689"]
[BlackElo "2596"]
[PlyCount "128"]

1. Nf3 Nf6 2. c4 e6 3. g3 d5 4. Bg2 Be7 5. O-O O-O 6. b3 c5 7. cxd5 Nxd5 8. Bb2
Nc6 9. Nc3 Bf6 10. Qc1 b6 11. Nxd5 Bxb2 12. Qxb2 exd5 13. d4 Qf6 14. Qd2 cxd4
15. Rfd1 Ba6 16. Rac1 Rac8 17. Bh3 Rcd8 18. Nxd4 Nxd4 19. Qxd4 Bxe2 20. Qxf6
gxf6 21. Rd4 Bf3 22. Rc3 Be4 23. f3 Bb1 24. a3 Rfe8 25. Kf2 Re7 26. Bf1 Bf5 27.
Rc6 Kg7 28. h4 Rc8 29. Rxc8 Bxc8 30. Rxd5 Be6 31. Rd3 Rc7 32. Re3 Rc2+ 33. Ke1
Rc1+ 34. Kf2 Rc2+ 35. Ke1 Rb2 36. b4 a5 37. bxa5 bxa5 38. Be2 Ra2 39. Rc3 a4 40.
Bd1 Bb3 41. Bxb3 Rxa3 42. Kd2 axb3 43. Kc1 Ra1+ 44. Kb2 Rg1 45. g4 f5 46. g5 Rh1
47. Rc4 Rh3 48. Kxb3 Rxf3+ 49. Kc2 Rg3 50. Rc5 f4 51. Rf5 Rg4 52. h5 Rh4 53. Kd3
Rxh5 54. Ke4 Rh4 55. Rxf4 Rh5 56. Rf5 Rh1 57. Kf4 Rf1+ 58. Kg4 Rxf5 59. Kxf5 Kf8
60. Kf6 Kg8 61. Ke5 Kg7 62. Kf5 h6 63. gxh6+ Kxh6 64. Kf6 1/2-1/2

[Event "World Rapid 2023"]
[Site "Samarkand UZB"]
[Date "2023.12.27"]
[EventDate "2023.12.26"]
[Round "7.29"]
[Result "1/2-1/2"]
[White "Nodirbek Abdusattorov"]
[Black "Levan Pantsulaia"]
[WhiteElo "2727"]
[BlackElo "2561"]
[PlyCount "126"]

1. e4 c6 2. d4 d5 3. exd5 cxd5 4. c4 Nf6 5. Nc3 Nc6 6. Bg5 dxc4 7. Bxc4 h6 8.
Bh4 e6 9. Nf3 Be7 10. O-O O-O 11. Re1 b6 12. a3 Bb7 13. Rc1 Nh5 14. Bg3 Nxg3 15.
hxg3 Bf6 16. Ne4 Bxd4 17. Bb5 Bxb2 18. Bxc6 Qxd1 19. Rexd1 Bxc1 20. Bxb7 Rab8
21. Ba6 Bxa3 22. Ne5 b5 23. Nd7 b4 24. Nxb8 Rxb8 25. Rd3 Rb6 26. Bc4 a5 27. Bb3
Rc6 28. Kf1 Ra6 29. Ba4 Ra7 30. Ke2 Bb2 31. g4 Be5 32. Nc5 Rc7 33. Ne4 g5 34.
Rd8+ Kg7 35. Ra8 Rc4 36. f3 Bc7 37. Ra7 Rc1 38. Kd3 Ra1 39. Bb3 Rc1 40. Bc4 Rd1+
41. Kc2 Rd7 42. Kb3 Re7 43. Ka4 Kf8 44. Nf6 Kg7 45. Ne4 Kf8 46. Bb5 Bb6 47. Ra8+
Kg7 48. Ng3 Kf6 49. Rb8 Bc7 50. Nh5+ Ke5 51. Rh8 Bb6 52. Bc4 Rc7 53. Bb3 Rc1 54.
Rb8 Bc7 55. Rb7 Kd6 56. Kb5 Rc5+ 57. Ka4 Kc6 58. Ra7 Rc1 59. Ba2 Rc3 60. Bb3 Rc1
61. Ba2 Rc3 62. Bb3 Rc1 63. Ba2 Rc3 1/2-1/2

[Event "World Rapid 2023"]
[Site "Samarkand UZB"]
[Date "2023.12.27"]
[EventDate "2023.12.26"]
[Round "7.30"]
[Result "1-0"]
[White "Daniel Dardha"]
[Black "Shakhriyar Mamedyarov"]
[WhiteElo "2598"]
[BlackElo "2723"]
[PlyCount "74"]

1. Nf3 Nf6 2. c4 g6 3. g3 Bg7 4. Bg2 O-O 5. O-O d6 6. d4 Nbd7 7. Nc3 e5 8. e4
exd4 9. Nxd4 Re8 10. Re1 a6 11. f3 Rb8 12. a4 a5 13. Ndb5 Nc5 14. Bg5 h6 15. Be3
Nfd7 16. f4 b6 17. Qc2 Bb7 18. Rad1 Na6 19. Qf2 Nb4 20. Nd5 Bxd5 21. cxd5 Nc5
22. Bxc5 bxc5 23. e5 dxe5 24. d6 Rxb5 25. dxc7 Qxc7 26. axb5 Rb8 27. f5 c4 28.
fxg6 Nd3 29. Qxf7+ Qxf7 30. gxf7+ Kf8 31. Rf1 Nxb2 32. Rd6 c3 33. Bc6 c2 34. Re6
Bf6 35. Re8+ Kxf7 36. Rxb8 Nd1 37. Bd5+ 1-0